Normal view
MARC view
Entry Personal Name
001 - CONTROL NUMBER
- control field: 2565
003 - CONTROL NUMBER IDENTIFIER
- control field: ARRUPE
005 - DATE AND TIME OF LATEST TRANSACTION
- control field: 20131015134711.0
008 - FIXED-LENGTH DATA ELEMENTS
- fixed length control field: 131015|| aca||aabn | a|a d
040 ## - CATALOGING SOURCE
- Original cataloging agency: ARRUPE
- Transcribing agency: ARRUPE
100 ## - HEADING--PERSONAL NAME
- Personal name: Grene, Marjorie,
- Dates associated with a name: 1910-2009.
670 ## - SOURCE DATA FOUND
- Source citation: Work cat.: (ARRUPE)0: Grene, Marjorie, 1910-2009., The knower and the known/, 1984, c1974.